Państwa na literę D - Statystyki

Ogólne statystyki
  • Ten quiz został rozwiązany 27 razy
  • Średni wynik to 3 z 5
Statystyki odpowiedzi
Kraj % Poprawnych
Dania
96%
Demokratyczna Republika Konga
79%
Dominika
63%
Dominikana
63%
Dżibuti
46%
Nie znaleziono quizów pasujących do podanych kryteriów
Rozkład punktacji
Procent ludzi z każdym wynikiem
Percentyl według liczby udzielonych odpowiedzi
Twoja historia wyników
Nie rozwiązałeś tego quizu